| 000 | 00787nam a2200229 a 4500 | ||
|---|---|---|---|
| 003 | MX-MxUPN | ||
| 005 | 20241001063909.0 | ||
| 008 | 991125s1929 cr 000 0 spa u | ||
| 035 | _aUPN01000044730 | ||
| 040 |
_aUPN _bspa _cUPN |
||
| 049 | _aCE | ||
| 050 | 4 |
_aLB1629.5 _bC8 1929 |
|
| 110 | 1 |
_aCosta Rica. _bMinisterio de Educación Pública _953316 |
|
| 245 | 1 | 0 | _aPlan de estudios, programas y reglamentos de los colegios de segunda enseñanza |
| 260 |
_aSan José Costa Rica : _bImprenta Nacional, _c1929. |
||
| 300 | _a110 páginas | ||
| 650 | 0 |
_aEducación secundaria _zCosta Rica _vPlanes y programas _919320 |
|
| 710 | 2 |
_aInstituto Nacional de Pedagogía (México) _epropietario anterior _928088 |
|
| 902 | _bMaríaRobles/280824 | ||
| 905 | _aLibro | ||
| 942 |
_2lcc _cLIBRO _n0 |
||
| 999 |
_c44730 _d44730 |
||